<?xml version="1.0" encoding="UTF-8"?>
<record
    xmlns:xsi="http://www.w3.org/2001/XMLSchema-instance"
    xsi:schemaLocation="http://www.loc.gov/MARC21/slim http://www.loc.gov/standards/marcxml/schema/MARC21slim.xsd"
    xmlns="http://www.loc.gov/MARC21/slim">

  <leader>01596nam a22001577a 4500</leader>
  <datafield tag="999" ind1=" " ind2=" ">
    <subfield code="c">522841</subfield>
    <subfield code="d">522841</subfield>
  </datafield>
  <controlfield tag="008">230607b           ||||| |||| 00| 0 eng d</controlfield>
  <datafield tag="100" ind1=" " ind2=" ">
    <subfield code="a">Jhalani Neha and Kandasamy, S.</subfield>
    <subfield code="9">41447</subfield>
  </datafield>
  <datafield tag="245" ind1=" " ind2=" ">
    <subfield code="a">E-courts: Reduction of judicial stress in lower courts </subfield>
  </datafield>
  <datafield tag="260" ind1=" " ind2=" ">
    <subfield code="a">Bihar Journal of Public Administration  </subfield>
  </datafield>
  <datafield tag="300" ind1=" " ind2=" ">
    <subfield code="a">19(25), Jul-Sep, 2022: p.171-178</subfield>
  </datafield>
  <datafield tag="520" ind1=" " ind2=" ">
    <subfield code="a">Administration of justice is the most significant attribute of any democratic state. It is very crucial because it determines the quality of the life of its citizens. It is also pivotal to our democratic system in a way that it prevents crime, protects the citizens, provides rehabilitation services, and ensures equal justice for everyone. The crisis of Covid-19 pandemic hit our lives and almost every sphere has been digitized including the education sector, health sector, professional and corporate offices, and the judiciary system remains no exception. In the Judiciary, cases were started to be administered on the online platform or through virtual courts. It is to be noted that the Indian Judiciary is highly under stress due to the rising pendency of cases, and inadequate infrastructure. In the present paper, the most common issue of judicial stress including the pendency of cases will be discussed in the context of how virtual courts can help in reducing the judicial stress in the lower judiciary system.- Reproduced </subfield>
  </datafield>
  <datafield tag="650" ind1=" " ind2=" ">
    <subfield code="a">Administration of Justice, Virtual courts, Judicial stress, State, Citizens.</subfield>
    <subfield code="9">38600</subfield>
  </datafield>
  <datafield tag="773" ind1=" " ind2=" ">
    <subfield code="a">Bihar Journal of Public Administration  </subfield>
  </datafield>
  <datafield tag="906" ind1=" " ind2=" ">
    <subfield code="a">JUDICIARY</subfield>
  </datafield>
  <datafield tag="942" ind1=" " ind2=" ">
    <subfield code="c">AR</subfield>
  </datafield>
  <datafield tag="952" ind1=" " ind2=" ">
    <subfield code="0">0</subfield>
    <subfield code="1">0</subfield>
    <subfield code="2">ddc</subfield>
    <subfield code="4">0</subfield>
    <subfield code="7">0</subfield>
    <subfield code="9">397879</subfield>
    <subfield code="a">IIPA</subfield>
    <subfield code="b">IIPA</subfield>
    <subfield code="d">2023-06-07</subfield>
    <subfield code="h">19(25), Jul-Sep, 2022: p.171-178</subfield>
    <subfield code="p">AR128897</subfield>
    <subfield code="r">2023-06-07</subfield>
    <subfield code="y">AR</subfield>
  </datafield>
</record>
